| 000 | 00448nam a2200217Ia 4500 | ||
|---|---|---|---|
| 001 | 073349 | ||
| 003 | YMCAF | ||
| 005 | 20230512160835.0 | ||
| 008 | 100717s9999 ||||||||||||||||| ||und|d | ||
| 020 | _a- | ||
| 024 | _a73349 | ||
| 035 | _a12812 | ||
| 040 |
_aYMCAF _beng _cIN-KoLT |
||
| 041 | _aeng | ||
| 100 | _aRANGAN, C S | ||
| 245 | 0 | _aINSTRUMENDTATION DEVICES AND SYSTEM | |
| 250 | _a- | ||
| 653 | _a- | ||
| 653 | _a- | ||
| 942 |
_2ddc _cBK |
||
| 999 |
_c6726 _d6726 |
||